अंतस्तल का पूरा विप्लव : (Record no. 113603)

MARC details
000 -LEADER
fixed length control field 01155nam a22002537a 4500
005 - DATE AND TIME OF LATEST TRANSACTION
control field 20170124102955.0
010 ## - LIBRARY OF CONGRESS CONTROL NUMBER
LC control number A-724456
020 ## - INTERNATIONAL STANDARD BOOK NUMBER
Terms of availability 100.00
International Standard Book Number 8171192010
035 ## - SYSTEM CONTROL NUMBER
System control number A-724456
037 ## - SOURCE OF ACQUISITION
Source of stock number/acquisition Cen Lib/Ret
040 ## - CATALOGING SOURCE
Original cataloging agency DPL
Language of cataloging HN
082 ## - DEWEY DECIMAL CLASSIFICATION NUMBER
Classification number 821.08
Item number अंतस्त
245 ## - TITLE STATEMENT
Title अंतस्तल का पूरा विप्लव :
Statement of responsibility, etc संपादक निर्मला जैन
Remainder of title अँधेरे में /
246 ## - VARYING FORM OF TITLE
Title proper/short title Antastal ka poora viplav : andhere mein /
Remainder of title sampadak Nirmala Jain
260 ## - PUBLICATION, DISTRIBUTION, ETC. (IMPRINT)
Place of publication, distribution, etc नयी दिल्ली
Name of publisher, distributor, etc राधाकृष्ण प्रकाशन
Date of publication, distribution, etc 1994
270 ## - ADDRESS
Address 2/38, अंसारी रोड, दरियागंज
City नयी दिल्ली
Postal code 110002
300 ## - PHYSICAL DESCRIPTION
Extent 154पृ.
Dimensions 21सेमी (सजिल्द)
650 ## - SUBJECT ADDED ENTRY--TOPICAL TERM
Topical term or geographic name as entry element हिंदी साहित्य
9 (RLIN) 53000
650 ## - SUBJECT ADDED ENTRY--TOPICAL TERM
Topical term or geographic name as entry element हिंदी साहित्य--काव्य
9 (RLIN) 53001
650 ## - SUBJECT ADDED ENTRY--TOPICAL TERM
Topical term or geographic name as entry element Hindi literature
9 (RLIN) 53002
650 ## - SUBJECT ADDED ENTRY--TOPICAL TERM
Topical term or geographic name as entry element Hindi literature--Poetry
9 (RLIN) 53003
700 ## - ADDED ENTRY--PERSONAL NAME
Personal name जैन, निर्मला
9 (RLIN) 43761
942 ## - ADDED ENTRY ELEMENTS (KOHA)
Source of classification or shelving scheme Dewey Decimal Classification
Koha item type Hindi Books
Classification part 821.08
Call number suffix अंतस्त
Holdings
Withdrawn status Lost status Damaged status Not for loan Home library Current library Date acquired Source of acquisition Cost, normal purchase price Total Checkouts Full call number Barcode Date last seen Copy number Cost, replacement price Price effective from Koha item type
        Central Library Central Library 12/08/2015 Cen Lib/Ret 100.00   821.08 अंतस्त A-724456 12/08/2015 1 100.00 12/08/2015 Hindi Books

© Delhi Public Library
Hit Counter
free hit counter